000 00518nam a2200181 a 4500
001 3200
003 CO-ViMGA
008 141112s2004 ck r 000 u spa d
040 _aCO-ViMGA
_bspa
_cCO-ViMGA
082 0 4 _a616.6 F567u
100 1 _aFlórez Silva, Ferez
_952602
245 1 0 _aUrología /
_cFlórez Silva Ferez , Uribe Arcila Juan Fernando
260 _aMedellín :
_bFondo Editorial de la CIB,
_c1995
300 _a288 p : il
490 _aFundamentos de cirugía
650 1 4 _aUROLOGIA
942 _2ddc
_cBK
999 _c15250
_d15250